000 00318nam a22001337a 4500
020 _a0-7460-5196-4
082 _a823
_bPOE/T
100 _aPOE, EDGAR ALLAN
245 _aTALES OF MYSTERY AND IMAGINATION
260 _aLONDON
_bUSBORNE PUBLISHING
_c2002
300 _a124
650 _aNOVEL
_zUNITED KINGDOM
942 _cBK
999 _c3815
_d3815